000 00427nam a2200181Ia 4500
008 210210b1944 xxu||||| |||| 00| 0 eng d
041 _aeng
082 _a822/918
100 _aNEWMAN (J H)
245 _aUniversity education: Mchugh Ed
260 _aClonskeagh
_bNot Mentioned
_c1944
650 _aUniversity
650 _aMchugh
650 _aeducation:
650 _aEd
690 _aEnglish Prose
906 _a013101
999 _c131938
_d131938